|
|
|
|
| LEADER |
01227cam a2200289 7i4500 |
| 001 |
0000062604 |
| 005 |
20220330090000.0 |
| 008 |
211006 eng |
| 020 |
|
|
|a 9789671656839
|
| 090 |
0 |
0 |
|a HG187.4
|b .I95 2020
|
| 245 |
0 |
0 |
|a Islamic legal maxims & their application in Islamic finance
|c Prof. Dr. Said Mohamad Akram Laldin [and five others].
|
| 246 |
3 |
0 |
|a Islamic legal maxims and their application in Islamic finance.
|
| 250 |
|
|
|a Second edition.
|
| 264 |
|
|
|a Kuala Lumpur:
|b International Shari'ah Research Academy for Islamic Finance,
|c 2020.
|
| 300 |
|
|
|a xx, 260 pages;
|c 25 cm.
|
| 336 |
|
|
|a text
|2 rdacontent
|
| 337 |
|
|
|a unmediated
|2 rdamedia
|
| 338 |
|
|
|a volume
|2 rdacarrier
|
| 500 |
|
|
|a Gift: International Shari'ah Research Academy for Islamic Finance (ISRA)
|
| 504 |
|
|
|a Includes bibliographical references and index
|
| 650 |
|
0 |
|a Legal maxims (Islamic law)
|
| 650 |
|
0 |
|a Finance (Islamic law)
|
| 650 |
0 |
0 |
|a Islamic law --
|x Interpretation and construction
|
| 650 |
|
0 |
|a Finance --
|x Religious aspects --
|x Islam
|
| 700 |
0 |
|
|a Mohamad Akram Laldin
|
| 997 |
|
|
|a Business & Accountancy, Faculty
|
| 999 |
|
|
|a 0000065058
|b BOK
|c CLOSED ACCESS COLLECTION
|e ISRA Corner, 2nd Floor, Shah Alam
|